Cartoon and Comic Characters with Glasses Quiz Stats

Quiz Updated Jul 9, 2016

Challenge
Share
Tweet
Score 0/20 Timer 04:00
3 Plays Today
% Correct
Brainy Smurf
95.4%
Wally\Waldo
94.7%
Clark Kent
93.8%
Sadness
93.8%
Peter
92.8%
Velma
92.1%
Geppetto
91.8%
Arthur
91.3%
Dexter
90.3%
Hank Hill
88.3%
% Correct
Milhouse
87.7%
Daria
87.6%
Edna Mode
86.9%
Carl
86.5%
Tina
84.2%
Simon
83.8%
Mr. Mackey
82.2%
Steve
81.9%
Margo
80.6%
Marcie
80%

You're not logged in!

Compare scores with friends on all Sporcle quizzes.
Sign Up with Email
OR
Log In

You Might Also Like...

Show Comments

Extras

Top Quizzes Today


Score Distribution

Your Account Isn't Verified!

In order to create a playlist on Sporcle, you need to verify the email address you used during registration. Go to your Sporcle Settings to finish the process.